[Event "SC Bechhofen-SF Paderborn 2000"]
[Site "?"]
[Date "2010.12.27"]
[Round "1.2"]
[White "Alsheimer, Lea"]
[Black "Bürger, Jessica"]
[Result "1-0"]
[WhiteElo "1034"]
[BlackElo "1318"]
[PlyCount "53"]
[EventDate "2010.??.??"]
[WhiteTeam "SC Bechhofen"]
[BlackTeam "SF Paderborn 2000"]

1. f4 Nf6 2. b3 Nc6 {[%emt 0:00:00]} 3. Bb2 {[%emt 0:00:00]} d5 4. Nf3 Bf5 5.
e3 e6 6. d3 Bd6 7. h3 O-O 8. g4 Bg6 9. Nbd2 Re8 10. Rg1 h6 11. h4 e5 12. f5 e4
13. fxg6 exf3 14. gxf7+ Kxf7 15. Qxf3 d4 16. Nc4 Bb4+ 17. Kd1 dxe3 18. a3 Bc5
19. Be2 Nd4 20. Qf4 Nxe2 21. Kxe2 Kg8 22. Rgf1 Rf8 23. Qe5 Bd6 24. Nxd6 cxd6
25. Qe6+ Kh8 26. g5 Nh5 27. Qxh6+ 1-0

[Event "SC Bechhofen-SF Paderborn 2000"]
[Site "?"]
[Date "2010.12.27"]
[Round "1.3"]
[White "Schrödter, Lisa"]
[Black "Böse, Carolin"]
[Result "1-0"]
[WhiteElo "1132"]
[BlackElo "753"]
[PlyCount "113"]
[EventDate "2010.??.??"]
[WhiteTeam "SF Paderborn 2000"]
[BlackTeam "SC Bechhofen"]

1. e4 {[%emt 0:00:00]} e5 {[%emt 0:00:00]} 2. Nf3 Nc6 3. Bc4 Bc5 4. Nc3 Nf6 5.
O-O d6 6. h3 O-O 7. d3 Nd4 8. Be3 Be6 9. Bxe6 Nxe6 10. Qd2 Nd4 11. Bxd4 Bxd4
12. Nxd4 exd4 13. Ne2 Nd7 14. Nxd4 Nc5 15. Qf4 Na4 16. b3 Nc3 17. Qd2 c5 18.
Qxc3 cxd4 19. Qxd4 Rc8 20. c4 Re8 21. Rae1 Re6 22. Re3 Rg6 23. Qd5 Rc5 24. Qxb7
Rcg5 25. Rg3 Rxg3 26. fxg3 Rxg3 27. Qxf7+ Kh8 28. Rf4 Qg8 29. Qf8 h6 30. Qxg8+
Kxg8 31. d4 Kh7 32. Kf2 Rc3 33. Rf3 Rc2+ 34. Kg3 Rxa2 35. Rf7 Kg6 36. Rd7 Ra6
37. b4 Kf6 38. b5 Ke6 39. Rxg7 Ra4 40. Rg6+ Kd7 41. Kf4 Rxc4 42. d5 Rb4 43.
Rxh6 a5 44. Rh7+ Kc8 45. g4 a4 46. Ra7 Kb8 47. Ra6 Kb7 48. g5 Kc8 49. g6 Rxb5
50. g7 Kb7 51. Rxa4 Rb3 52. g8=Q Rxh3 53. Rc4 Ra3 54. Qc8+ Kb6 55. Qc6+ Ka7 56.
Rb4 Ra6 57. Qb7# 1-0

[Event "SC Bechhofen-SF Paderborn 2000"]
[Site "?"]
[Date "2010.12.27"]
[Round "1.4"]
[White "Böse, Christina"]
[Black "Thölke, Nina"]
[Result "1/2-1/2"]
[WhiteElo "859"]
[BlackElo "1054"]
[PlyCount "29"]
[EventDate "2010.??.??"]
[WhiteTeam "SC Bechhofen"]
[BlackTeam "SF Paderborn 2000"]

1. e4 {[%emt 0:00:00]} e5 2. Nf3 Nc6 3. d4 Nf6 4. dxe5 Nxe4 5. Bd3 Nc5 6. Be3
Nxd3+ 7. Qxd3 Nb4 8. Qc3 d5 9. exd6 Bxd6 10. Nbd2 Bf5 11. Rc1 Nxa2 12. Qxg7 Rf8
13. Ra1 Nb4 14. O-O Nxc2 15. Rad1 1/2-1/2

[Event "SC Diogenes-SV 1932 Homburg-Erbach"]
[Site "?"]
[Date "2010.12.27"]
[Round "1.1"]
[White "Müller, Sophie"]
[Black "Lemke, Berfîn"]
[Result "1/2-1/2"]
[WhiteElo "1283"]
[BlackElo "1509"]
[PlyCount "37"]
[EventDate "2010.??.??"]
[WhiteTeam "SV 1932 Homburg-Erbach"]
[BlackTeam "SC Diogenes"]

1. d4 d5 2. Bf4 Nf6 3. e3 c6 4. c4 e6 5. Nc3 Bd6 6. Bxd6 Qxd6 7. Qb3 O-O 8. Nf3
Nbd7 9. Bd3 e5 10. dxe5 Nxe5 11. Nxe5 Qxe5 12. h3 Re8 13. cxd5 cxd5 14. O-O Qg5
15. Kh1 b6 16. Ne2 Ne4 17. Bxe4 dxe4 18. Nf4 Bf5 19. Rac1 1/2-1/2

[Event "SC Diogenes-SV 1932 Homburg-Erbach"]
[Site "?"]
[Date "2010.12.27"]
[Round "1.2"]
[White "Hölzer, Jeanette"]
[Black "Boussonville, Anna"]
[Result "1-0"]
[WhiteElo "1286"]
[BlackElo "1023"]
[PlyCount "129"]
[EventDate "2010.??.??"]
[WhiteTeam "SC Diogenes"]
[BlackTeam "SV 1932 Homburg-Erbach"]

1. e4 e5 2. Nf3 Nc6 3. Bc4 Nf6 4. Ng5 Qe7 5. Nxf7 Rg8 6. Ng5 Rh8 7. Nc3 h6 8.
Nf3 d6 9. d3 Bg4 10. h3 Bh5 11. g4 Bf7 12. Bxf7+ Qxf7 13. Nh4 Be7 14. Nf5 Nd4
15. Nxd4 exd4 16. Nb5 Rc8 17. Nxd4 d5 18. e5 Nd7 19. e6 Qf6 20. exd7+ Kxd7 21.
Nf5 Bc5 22. O-O Rce8 23. d4 Bd6 24. Nxd6 Qxd6 25. Be3 Re7 26. Qd2 Rhe8 27. Rae1
c6 28. Re2 Re6 29. Rfe1 R8e7 30. Qd3 a6 31. Bd2 b5 32. a3 Re8 33. Qf5 g6 34.
Qd3 h5 35. Rxe6 Rxe6 36. Rxe6 Qxe6 37. gxh5 gxh5 38. Qh7+ Qe7 39. Qxe7+ Kxe7
40. Kg2 Ke6 41. Kg3 Kf5 42. f3 Kg6 43. Kh4 a5 44. Bxa5 Kh6 45. Bd2+ Kg6 46. b4
Kf6 47. Kxh5 Kf5 48. h4 Kf6 49. Kg4 Kg6 50. h5+ Kg7 51. Kg5 Kh7 52. f4 Kg7 53.
f5 Kh7 54. f6 Kg8 55. Kg6 Kf8 56. h6 Kg8 57. f7+ Kf8 58. h7 Ke7 59. h8=Q Ke6
60. Qf6+ Kd7 61. f8=Q Kc7 62. Q8d6+ Kb6 63. Qc5+ Kc7 64. Qa7+ Kc8 65. Qf8# 1-0

[Event "SC Diogenes-SV 1932 Homburg-Erbach"]
[Site "?"]
[Date "2010.12.27"]
[Round "1.3"]
[White "Friedel, Laura"]
[Black "Roth, Mona"]
[Result "0-1"]
[WhiteElo "747"]
[BlackElo "1099"]
[PlyCount "80"]
[EventDate "2010.??.??"]
[WhiteTeam "SV 1932 Homburg-Erbach"]
[BlackTeam "SC Diogenes"]

1. e4 e5 2. Nf3 Nc6 3. Bc4 Bc5 4. O-O d6 5. Nc3 Bg4 6. d3 Nd4 7. Qd2 Bxf3 8.
Nb5 Ne2+ 9. Kh1 a6 10. Qa5 axb5 11. Qxb5+ c6 12. Qxb7 Ne7 13. Bg5 f6 14. Bh4 d5
15. exd5 cxd5 16. Qb5+ Kf8 17. Bb3 Qc8 18. c4 Qh3 19. Rg1 Nxg1 20. Rxg1 Bxf2
21. Bxf2 Rd8 22. Qc5 dxc4 23. Qxc4 Nd5 24. Bc5+ Kf7 25. Qb4 Kg6 26. Qd2 Nf4 27.
Bd1 Rxd3 28. Qf2 Bxg2+ 29. Rxg2+ Nxg2 30. Be2 Rd5 31. Be3 Nxe3 32. b3 Rhd8 33.
Qg1+ Qg2+ 34. Qxg2+ Nxg2 35. Kxg2 Rd2 36. Kf2 Rxa2 37. Ke3 Rdd2 38. Bd3+ f5 39.
b4 Rxh2 40. b5 Rh3# 0-1

[Event "SC Diogenes-SV 1932 Homburg-Erbach"]
[Site "?"]
[Date "2010.12.27"]
[Round "1.4"]
[White "Lohmann, Anna"]
[Black "Haas, Vanessa"]
[Result "1-0"]
[WhiteElo "740"]
[BlackElo "812"]
[PlyCount "65"]
[EventDate "2010.??.??"]
[WhiteTeam "SC Diogenes"]
[BlackTeam "SV 1932 Homburg-Erbach"]

1. e4 e5 2. Nf3 Nc6 3. Bc4 Bc5 4. c3 Nf6 5. d4 Bd6 6. Bg5 O-O 7. Bd5 Qe7 8.
Bxc6 dxc6 9. Nbd2 Qe6 10. Qe2 h6 11. Bh4 Ng4 12. Nc4 Bd7 13. h3 Nf6 14. dxe5
Bxe5 15. Nfxe5 Rfd8 16. O-O c5 17. b3 a6 18. Rad1 b5 19. Nxd7 Kh8 20. Nxf6 Rxd1
21. Rxd1 gxf6 22. Ne3 Rg8 23. Qh5 Rg6 24. Ng4 Kh7 25. f4 Qe7 26. f5 Rg7 27.
Qxh6+ Kg8 28. Bxf6 Qf8 29. Rd8 c6 30. Rxf8+ Kxf8 31. Qxg7+ Ke8 32. Ne5 a5 33.
Qxf7# 1-0